Кровные узы : (Record no. 227633)
[ view plain ]
| 000 -LEADER | |
|---|---|
| fixed length control field | 00976nam a2200217 u 4500 |
| 001 - CONTROL NUMBER | |
| control field | 000641769 |
| 003 - CONTROL NUMBER IDENTIFIER | |
| control field | AM-YeHGA |
| 005 - DATE AND TIME OF LATEST TRANSACTION | |
| control field | 20250617140834.0 |
| 008 - FIXED-LENGTH DATA ELEMENTS--GENERAL INFORMATION | |
| fixed length control field | 090313s1987 ||| r 000 0 rus d |
| 040 ## - CATALOGING SOURCE | |
| Original cataloging agency | AM-YeHGA |
| 041 1# - LANGUAGE CODE | |
| Language code of text/sound track or separate title | rus |
| Language code of original | ukr |
| 090 ## - LOCALLY ASSIGNED LC-TYPE CALL NUMBER (OCLC); LOCAL CALL NUMBER (RLIN) | |
| -- | 229176 |
| 100 1# - MAIN ENTRY--PERSONAL NAME | |
| Personal name | Харчук, Борис Никитович |
| 245 10 - TITLE STATEMENT | |
| Title | Кровные узы : |
| Remainder of title | Роман / |
| Statement of responsibility, etc. | Борис Харчук; Пер. с укр. В. Россельса. |
| 260 ## - PUBLICATION, DISTRIBUTION, ETC. | |
| Place of publication, distribution, etc. | Москва : |
| Name of publisher, distributor, etc. | Сов. писатель, |
| Date of publication, distribution, etc. | 1987. |
| 300 ## - PHYSICAL DESCRIPTION | |
| Extent | 493 с. |
| 653 0# - INDEX TERM--UNCONTROLLED | |
| Uncontrolled term | Крестьянство в Западной Украине (х. л.) |
| 653 0# - INDEX TERM--UNCONTROLLED | |
| Uncontrolled term | Западная Украина - Воссоединение с Украинской ССР 1939-1940 гг. (х. л.) |
| 653 0# - INDEX TERM--UNCONTROLLED | |
| Uncontrolled term | Немецко-фашистская оккупация в период Великой Отечественной войны 1941-1945 гг. - УССР (х. л.) |
| 700 1# - ADDED ENTRY--PERSONAL NAME | |
| Personal name | Россельс, В. |
| Relator term | пер. |
| Relationship | trl |
| Withdrawn status | Lost status | Damaged status | Not for loan | Collection | Home library | Current library | Date acquired | Total checkouts | Full call number | Barcode | Date last seen | Price effective from | Koha item type | Public note |
|---|---|---|---|---|---|---|---|---|---|---|---|---|---|---|
| General | Fundamental Scientific Library | Fundamental Scientific Library | 29/12/2016 | PII/573338 | FL0102449 | 29/12/2016 | 29/12/2016 | Գրքեր / Books | 30 Days Loan |
ՀՀ Գիտությունների ազգային ակադեմիայի հիմնարար գիտական գրադարան = Fundamental Scientific Library of NAS RA
All site content, except where otherwise noted, is licensed under a